Palmarès ASSE - Statistiques

Statistiques générales
  • Ce quiz a été pris 211 fois
  • Le résultat moyen est 2 sur 10
Answers on the Grid
Answers color-coded by a green-red scale on the quiz's grid according to % correct below.
1895
1981
1980
1957
1967
1965
1975
1984
1972
1970
1974
2024
1978
1968
1969
1973
1964
1969
1985
1976
 
Statistiques - réponses
Réponse % Correct
1981
48%
1976
44%
1974
35%
1975
30%
1970
24%
1957
17%
1967
14%
1968
13%
1964
9%
1969
9%
Aucun quiz correspondant
Distribution des résultats
% des personnes avec chaque résultat
Percentile par nombre de réponses
Votre historique - résultats
Vous n’avez pas pris ce quiz